000 00654nam a22002297a 4500
003 OSt
005 20210423062330.0
008 210219s1957 ||||| |||| 00| 0 eng d
040 _aeng
_beng
_cDLC
041 _aeng
080 _a61
_bF-28
100 _91002
_aFaust, Carroll. Ernest
245 _aCraig and Faust' Clinical Parasitology
_c/ by: Lea and Febiger
250 _a6th edition
260 _aPhiladelphia
_bLea and Febiger
_c1957
300 _a1078 p.
_bill.
650 0 _969
_aMedicine
653 _aმედიცინა
700 _91003
_aRussell, Farr. Paul
700 _91004
_aLincicome, Richard. David
_eEditor
942 _2udc
_cBK
_e6
999 _c1573
_d1573